LEADER 01144nam a2200241 i 4500 001 000000184963 003 CaOOAMICUS 005 20100122000000.0 008 100122s1963 sp u000 u spa u 013 $a162950 040 $aSeMil$bita 100 1 $aSanchez de Muniain, José Maria.$0(OLS)http://semarc/name/10203 245 10$aObras selectas de Mons. Angel Herrera Oria /$cedición preparada por J. M. Sanchez de Muniain y J. L. Gutiérrez García ; Antonio Riberi. 260 $aMadrid :$bBiblioteca de autores cristianos,$c1963. 300 $aXXXVII, 893 p. ;$c20 cm. 490 0 $aBiblioteca de autores cristianos 700 1 $aRiberi, Antonio.$0(OLS)http://semarc/name/67944 700 1 $aGutiérrez García, José Luis <1923->.$0(OLS)http://semarc/name/3448 830 0$aBiblioteca de autores cristianos.$0(OLS)http://semarc/title/428 850 $aSeMil 852 $aSeMil$W1$xVenegono$y1$m2S V 157$j135654$B135654$CSeMilBibl$Z2$F147196 $81 996 $6245$aObras selectas de Mons. Angel Herrera Oria$9(OLS)http://semarc/title/265631 996 $6260$aMadrid :$bBiblioteca de autores cristianos$9(OLS)http://semarc/publisher/29784 LEADER 01010nam a2200193 i 4500 001 000000047782 003 CaOOAMICUS 005 20141103000000.0 008 141103s1741 xx u000 u lat u 013 $a18952 026 $at,e- iss. *.em ip(1 (3) 1741 (R) 040 $aSeMil$bita 245 10$a1. 300 $a[8], 196 p. 500 $aFront. stampato in rosso e nero con vignetta calcogr. firmata da Giuseppe Filosi. - Segn. : pg4 A-Z4 2A6. 773 0 $aPetau, Denys $tDionysii Petavii ... Rationarium temporum cui praeter ea omnia, quae uberrime in postrema Veneta editione adjecta sunt, in hac nostra novissima accessere duo opuscula Jacobi Usserii 1. De chronologia sacra Veteris Testamenti. 2. De Macedonum, & Asia.$bEditio novissima.$dVeronae : Ex Typographia Petri Antonii Berni bibliopolae in Regione Leonum, 1741.$g1$w()30866 850 $aSeMil 852 $aSeMil$W1$xVenegono$y1$m2C VIII 12 FA$j13937$B13937$CSeMilBibl$Z2$F13937 $8I 996 $6245$a1$9(OLS)http://semarc/title/6508